Vista normal
Vista MARC
Entrada Materia (título de una obra)
Número de registros utilizados en: 1
001 - CONTROL NUMBER
- control field: 67513
003 - CONTROL NUMBER IDENTIFIER
- control field: Co-BoUCM
005 - DATE AND TIME OF LATEST TRANSACTION
- control field: 20150216141126.0
008 - FIXED-LENGTH DATA ELEMENTS
- fixed length control field: 150216|| aca||aabn | a|a d
040 ## - CATALOGING SOURCE
- Original cataloging agency: Co-BoUCM
- Transcribing agency: Co-BoUCM
130 ## - HEADING--UNIFORM TITLE
- Uniform title: Decreto 2548 de 2014
670 ## - SOURCE DATA FOUND
- Source citation: Work cat.: (Co-BoUCM)298705: Ley 1739 de 2014, decretos 2548, 2623, 2624, 2686 y 2688 de 2014, 2014